Countries in a Group Chat #2 - Statistics

General Stats
  • This quiz has been taken 57 times
    56 since last reset
  • The average score is 12 of 17
Answer Stats
Message sent Country % Correct
Why are people cutting down my Amazon Rainforst :( Brazil
98%
idk, but I'm sorry. I can give you the leaf on my flag if you like. Canada
96%
Ha, tiny little country. Being the biggest is so nice. Russia
96%
Hey guys, would it be okay if I invite Portugal to the group? They're kinda lonely with just me. Spain
93%
I have a whole tree on my flag, you can have that too! Lebanon
84%
There are many countries who could join, but let's keep it small... like my country. Vatican City
84%
Okay, I'll add them all soon. As for now, we should participate in Oktoberfest! Germany
73%
Oh my yap. Anyways, I'm also kinda transcontinental, but mostly in Asia with the rest of my "stan" friends :) Kazakhstan
73%
You could be a little bigger if we ever unite :D Belarus
67%
Let's invite Gambia as well, they want to join. Senegal
67%
Why so much yapping, and calm down guys. If we're inviting more countries then Lesotho is on the list too. South Africa
67%
My name is the same length, only difference is I'm at the heart of Africa and you're on a miniscule island. Democratic Republic of the Congo
60%
HELP I'M LOST, what continent am I supposed to be in??? Cyprus
58%
Stop spreading misinformation, they should be in Asia. My Sinai Peninsula is Asian, making me transcontinental! But, I actually know what continent I should be in... Egypt
53%
You should be in Oceania, maybe you'll be a more noticeable island than me. Nauru
47%
-STOP. Don't even. We've heard it enough. I could yap about my "longest country name" award, but I won't. It has a nice big S on the front, such a nice letter. Saint Vincent and the Grenadines
38%
Did someone say yap? Let me just say my capital city's name... S- Sri Lanka
27%
No matching quizzes found
Score Distribution
Percent of People with Each Score
Percentile by Number Answered
Your Score History
You have not taken this quiz since the last reset